000 00839nam a2200265 a 4500
001 000017652
003 DO-SdBNP
005 20251030084607.0
008 100329s1984 dr r 000 f spa d
040 _aDO-SdBNP
_bspa
_cBNPHU
082 4 _aRD863.44
_bB171c
_222
100 1 _aBalaguer, Joaquín,
_d1906-2002
_976556
245 1 4 _aLos carpinteros /
_cJoaquín Balaguer.
260 _aSanto Domingo :
_bCorripio,
_c1984.
300 _a431 páginas ;
_c25 cm.
336 _atexto
_btxt
_2rdacantent
337 _asin mediación
_bn
_2rdamedia
338 _avolumen
_bnc
_0rdacarrier
500 _aIncluye notas al pie de las páginas.
590 _aInventariado, 2019/MFF
650 1 4 _aNovela histórica dominicana.
_9860
650 1 0 _aLiteratura dominicana.
_967
910 _aValidado. Control de calidad MMOLINA
942 _2ddc
_cLBS1
999 _c17177
_d17177